000 00299nam a22001337a 4500
008 180104b xxu||||| |||| 00| 0 eng d
020 _a0812110986
041 _aeng
080 _a541
100 _a12
101 _aKIM
245 _aPrinciples of Medicinal Chemistry
_cFoye, W.O
942 _2udc
_cBK
999 _c39733
_d39733